[Event "Orsha op"]
[Site "Orsha"]
[Date "2019.01.24"]
[Round "9"]
[White "Tsesler, Yakau"]
[Black "Sokolov, Sergey"]
[Result "1-0"]
[WhiteElo "1895"]
[BlackElo "1677"]
[PlyCount "85"]
[EventDate "2019.01.18"]
[EventType "swiss"]
[EventRounds "9"]
[EventCountry "BLR"]
[SourceTitle "CBM 188 Extra"]
[Source "ChessBase"]
[SourceDate "2019.02.26"]
[SourceVersion "1"]
[SourceVersionDate "2019.02.26"]
[SourceQuality "1"]

1. d4 Nf6 2. Nf3 d5 3. Bf4 g6 4. e3 Bg7 5. Be2 0-0 6. 0-0 b6 7. Nbd2 Nbd7 8. h3 Re8 9. c4 Ba6 10. Qa4 Bxc4 11. Nxc4 dxc4 12. Bxc4 c5 13. Qb3 e6 14. Rad1 Qc8 15. Ne5 Nxe5 16. dxe5 Nd7 17. Bb5 Re7 18. Bg5 f6 19. Bxd7 Rxd7 20. Qxe6+ Rf7 21. Qxc8+ Rxc8 22. exf6 Bxf6 23. Bxf6 Rxf6 24. Rd7 Rf7 25. Rfd1 Rcf8 26. f3 Kg7 27. e4 Kf6 28. Kf2 Kg5 29. R1d5+ Kf6 30. Ke3 h6 31. f4 Kg7 32. g3 Kh8 33. R5d6 Kh7 34. e5 h5 35. Rxf7+ Rxf7 36. e6 Rf8 37. Rd7+ Kh6 38. Ke4 Re8 39. Ke5 a5 40. Kf6 h4 41. g4 Rf8+ 42. Rf7 Rd8 43. g5+ 1-0